Manufactura, ingeniería y tecnología. Ingeniería y tecnología de Materiales. Volumen 1

Bibliographic Details
Main Author: Víquez Arias, Joaquín
Format: Section = Libro
Language:Undetermined
Spanish
Published: Nicaragua [s.e.] 2016
Subjects:
LEADER 00656nam a2200205Ia 4500
008 240830s9999 xx 000 0 und d
040 |a B-ESTELÍ- RUACS / 670 K14 
041 |a spa 
082 |a 670 K14 
100 1 |a Víquez Arias, Joaquín 
245 1 0 |a Manufactura, ingeniería y tecnología. Ingeniería y tecnología de Materiales. Volumen 1 
260 |a Nicaragua  |b [s.e.]  |c 2016 
300 |a 110 p.: il. 
650 7 |a BIOGAS - PRODUCCION - NICARAGUA 
650 7 |b  BIODIGESTORES - DISEÑO 
650 7 |c  BIODIGESTORES - GENERACION ELECTRICA 
650 7 |d  APROVECHAMIENTO DE RESIDUOS ORGANICOS. 
942 |c BK  |2 ddc 
991 |a TEXTO 
999 |c 11551